International Business Management
Saved in:
| Format: | Serial |
|---|---|
| Language: | English |
| Published: |
[Amsterdam]
Medwell Publishing
|
| Tags: |
No Tags, Be the first to tag this record!
|
MARC
| LEADER | 00000nas1a2200000 4500 | ||
|---|---|---|---|
| 001 | 0270013 | ||
| 005 | 20230131083322.0 | ||
| 022 | |a 1993-5250 | ||
| 041 | 0 | |a eng | |
| 044 | |a NL | ||
| 245 | 1 | 0 | |a International Business Management |
| 264 | 1 | |a [Amsterdam] |b Medwell Publishing | |